[Event "Titled Tuesday intern op 17th May Late"]
[Site "Chess.com INT"]
[Date "2022.05.17"]
[Round "2"]
[White "Calderon, Zachary"]
[Black "Garcia, Erick G"]
[Result "0-1"]
[WhiteElo "2027"]
[BlackElo "2153"]
[PlyCount "46"]
[EventDate "2022.05.17"]
[EventType "swiss (blitz)"]
[EventRounds "11"]
[EventCountry "USA"]
[SourceTitle "CBM 208 Extra"]
[Source "ChessBase"]
[SourceDate "2022.07.31"]
[SourceVersion "1"]
[SourceVersionDate "2022.07.31"]
[SourceQuality "1"]

1. Nf3 Nf6 2. c4 e6 3. Nc3 d5 4. d4 c5 5. cxd5 Nxd5 6. e4 Nxc3 7. bxc3 cxd4 8. cxd4 Bb4+ 9. Bd2 Bxd2+ 10. Qxd2 0-0 11. Bd3 Nc6 12. d5 exd5 13. exd5 Re8+ 14. Kf1 Ne5 15. Ng5 Nxd3 16. Nxh7 Kxh7 17. Qxd3+ Kg8 18. Qb5 Bd7 19. Qxb7 Qe7 20. Qa6 Qe5 21. Rd1 Rab8 22. h4 Rb2 23. h5 Bb5+ 0-1

[Event "Titled Tuesday intern op 05th Apr Late"]
[Site "Chess.com INT"]
[Date "2022.04.05"]
[Round "4"]
[White "Calderon, Zachary"]
[Black "Hernandez Bermudez, Ulises Eduardo"]
[Result "0-1"]
[WhiteElo "2027"]
[BlackElo "2042"]
[PlyCount "51"]
[EventDate "2022.04.05"]
[EventType "swiss (blitz)"]
[EventRounds "11"]
[EventCountry "USA"]
[SourceTitle "CBM 207 Extra"]
[Source "ChessBase"]
[SourceDate "2022.05.31"]
[SourceVersion "1"]
[SourceVersionDate "2022.05.31"]
[SourceQuality "1"]

1. Nf3 Nf6 2. c4 c5 3. d4 cxd4 4. Nxd4 e6 5. Nc2 d5 6. Nc3 Nc6 7. cxd5 exd5 8. Bg5 Bc5 9. e3 Be6 10. Be2 0-0 11. 0-0 Be7 12. Nd4 Nxd4 13. Qxd4 a6 14. Bf3 h6 15. Bf4 Rc8 16. Rac1 b5 17. Rfd1 Qd7 18. Qb6 Rc6 19. Qd4 Rfc8 20. Ne2 Rc4 21. Rxc4 Rxc4 22. Qb6 Qc8 23. Nd4 Nd7 24. Qxa6 Qxa6 25. Nxe6 fxe6 26. h3 0-1

[Event "Titled Tuesday intern op 07th Sept"]
[Site "Chess.com INT"]
[Date "2021.09.07"]
[Round "3"]
[White "Roman, Rodrigo"]
[Black "Calderon, Zachary"]
[Result "1-0"]
[WhiteElo "2071"]
[BlackElo "2027"]
[PlyCount "97"]
[EventDate "2021.09.07"]
[EventType "swiss (blitz)"]
[EventRounds "11"]
[EventCountry "USA"]
[SourceTitle "EXT 2022"]
[Source "ChessBase"]
[SourceDate "2021.10.06"]
[SourceVersion "1"]
[SourceVersionDate "2021.10.06"]
[SourceQuality "1"]

1. d4 e6 2. Nf3 d5 3. Bg5 Be7 4. Bxe7 Qxe7 5. c3 Nf6 6. Nbd2 Nbd7 7. e3 e5 8. Nxe5 Nxe5 9. dxe5 Qxe5 10. Bd3 Bg4 11. Qb3 0-0-0 12. h3 Bh5 13. 0-0 Kb8 14. a4 Ne4 15. Nxe4 dxe4 16. Ba6 Qd5 17. Bc4 Qf5 18. Qb5 Qxb5 19. axb5 Rd2 20. g4 Bg6 21. Ra2 Rhd8 22. Rfa1 Rd1+ 23. Kg2 Rxa1 24. Rxa1 Rd2 25. h4 f5 26. h5 Be8 27. h6 gxh6 28. gxf5 Rd6 29. Kg3 Rf6 30. Rd1 c6 31. Rd8+ Kc7 32. Rxe8 cxb5 33. Be6 Kd6 34. Rh8 a5 35. Rxh7 b6 36. Rd7+ Kc5 37. Rd5+ Kc6 38. Rd8 b4 39. cxb4 a4 40. Rd4 Kb5 41. Rxe4 h5 42. Kf4 h4 43. Kg5 Rf8 44. Rxh4 a3 45. bxa3 Ka4 46. f6 b5 47. f7 Rxf7 48. Bxf7 Kxa3 49. Be8 1-0

[Event "Titled Tuesday intern op 07th Sept"]
[Site "Chess.com INT"]
[Date "2021.09.07"]
[Round "8"]
[White "Yang, Kevin S"]
[Black "Calderon, Zachary"]
[Result "1/2-1/2"]
[WhiteElo "2122"]
[BlackElo "2027"]
[PlyCount "85"]
[EventDate "2021.09.07"]
[EventType "swiss (blitz)"]
[EventRounds "11"]
[EventCountry "USA"]
[SourceTitle "EXT 2022"]
[Source "ChessBase"]
[SourceDate "2021.10.06"]
[SourceVersion "1"]
[SourceVersionDate "2021.10.06"]
[SourceQuality "1"]

1. d4 e6 2. c4 d5 3. Nc3 a6 4. cxd5 exd5 5. Bf4 Nf6 6. e3 c5 7. dxc5 Bxc5 8. Nf3 Nc6 9. a3 0-0 10. Be2 d4 11. exd4 Nxd4 12. Nxd4 Bxd4 13. 0-0 Qb6 14. Na4 Qa7 15. Rc1 b5 16. Rc7 Bb7 17. Bf3 bxa4 18. Rxb7 Qc5 19. Rb4 Rad8 20. Qxa4 Rfe8 21. Bg3 Ne4 22. Bxe4 Rxe4 23. Rd1 h5 24. Rc4 Bxf2+ 25. Bxf2 Rxd1+ 26. Qxd1 Qxc4 27. h4 Qe2 28. Qd8+ Kh7 29. Qg5 Qg4 30. Qd5 Rf4 31. Qd3+ g6 32. Bg3 Rd4 33. Qe3 Rd1+ 34. Kh2 Rd4 35. Qe7 Qf5 36. Qe8 Re4 37. Qb8 Rg4 38. Be5 Rxh4+ 39. Kg3 Rg4+ 40. Kh2 Rh4+ 41. Kg3 Qg4+ 42. Kf2 Qf5+ 43. Kg3 1/2-1/2

[Event "Titled Tuesday intern op 10th Aug"]
[Site "Chess.com INT"]
[Date "2021.08.10"]
[Round "11"]
[White "Butolo, Alexandru Mircea"]
[Black "Calderon, Zachary"]
[Result "0-1"]
[WhiteElo "1779"]
[BlackElo "2059"]
[PlyCount "42"]
[EventDate "2021.08.10"]
[EventType "swiss (blitz)"]
[EventRounds "11"]
[EventCountry "USA"]
[SourceTitle "CBM 203 Extra"]
[Source "ChessBase"]
[SourceDate "2021.09.30"]
[SourceVersion "1"]
[SourceVersionDate "2021.09.30"]
[SourceQuality "1"]

1. e4 e6 2. d3 d5 3. Nd2 Nf6 4. g3 Be7 5. Bg2 c5 6. Ngf3 Nc6 7. 0-0 Qc7 8. Re1 b6 9. Nf1 Bb7 10. h4 0-0-0 11. Bf4 e5 12. exd5 exf4 13. dxc6 Bxc6 14. Ne5 Bxg2 15. Kxg2 Bd6 16. gxf4 Nd5 17. Qf3 Qb7 18. Ne3 Nxf4+ 19. Kg3 Bxe5 20. Qxb7+ Kxb7 21. Ng4 Bd6 0-1

[Event "Titled Tuesday intern op 10th Aug"]
[Site "Chess.com INT"]
[Date "2021.08.10"]
[Round "6"]
[White "Calderon, Zachary"]
[Black "Pein, Jonathan"]
[Result "1-0"]
[WhiteElo "2059"]
[BlackElo "2254"]
[PlyCount "103"]
[EventDate "2021.08.10"]
[EventType "swiss (blitz)"]
[EventRounds "11"]
[EventCountry "USA"]
[SourceTitle "CBM 203 Extra"]
[Source "ChessBase"]
[SourceDate "2021.09.30"]
[SourceVersion "1"]
[SourceVersionDate "2021.09.30"]
[SourceQuality "1"]

1. Nf3 c5 2. c4 g6 3. Nc3 Bg7 4. g3 e5 5. d3 Ne7 6. Bg2 Nbc6 7. 0-0 0-0 8. Rb1 a5 9. a3 h6 10. Ne1 d6 11. Nc2 f5 12. b4 axb4 13. axb4 e4 14. Nd5 Nxd5 15. cxd5 Nxb4 16. Nxb4 cxb4 17. dxe4 fxe4 18. Bxe4 Bh3 19. Bg2 Bxg2 20. Kxg2 Qa5 21. Bb2 Rae8 22. Bxg7 Kxg7 23. Qd4+ Kg8 24. e3 Re5 25. Rfd1 Rfe8 26. Qxb4 Qxb4 27. Rxb4 R8e7 28. Rb6 Rd7 29. Rd4 g5 30. e4 g4 31. h3 h5 32. hxg4 hxg4 33. Kf1 Rde7 34. Rxd6 Rxe4 35. Rxe4 Rxe4 36. Rd7 Rd4 37. d6 Kf8 38. Rxb7 Rxd6 39. Rb4 Rg6 40. Rb7 Re6 41. Kg2 Re4 42. Rb3 Kf7 43. Re3 Rxe3 44. fxe3 Ke6 45. Kf2 Kf5 46. Kf1 Ke5 47. Ke1 Kf5 48. Kd2 Ke5 49. Kd3 Kd5 50. e4+ Ke5 51. Ke3 Ke6 52. Kf4 1-0

[Event "Titled Tuesday intern op 03rd Aug"]
[Site "Chess.com INT"]
[Date "2021.08.03"]
[Round "4"]
[White "Babiy, Olga"]
[Black "Calderon, Zachary"]
[Result "1-0"]
[WhiteElo "2269"]
[BlackElo "2059"]
[PlyCount "63"]
[EventDate "2021.08.03"]
[EventType "swiss (blitz)"]
[EventRounds "11"]
[EventCountry "USA"]
[SourceTitle "CBM 203 Extra"]
[Source "ChessBase"]
[SourceDate "2021.09.30"]
[SourceVersion "1"]
[SourceVersionDate "2021.09.30"]
[SourceQuality "1"]

1. Nc3 e6 2. b3 d5 3. Bb2 Nf6 4. e3 Be7 5. f4 c5 6. Nf3 0-0 7. d4 Nc6 8. Bd3 cxd4 9. exd4 Qa5 10. 0-0 Ba3 11. Bxa3 Qxa3 12. Ne2 Ne4 13. c3 Qd6 14. Ne5 f6 15. Nf3 Rb8 16. Qc2 f5 17. Ne5 Nxe5 18. fxe5 Qe7 19. Bxe4 fxe4 20. Rxf8+ Qxf8 21. Rf1 Qe7 22. c4 b5 23. cxd5 exd5 24. Qc6 Be6 25. Nf4 Bg4 26. Qxd5+ Kh8 27. Qxe4 Rd8 28. h3 Bc8 29. d5 Bb7 30. Rd1 Qc5+ 31. Kh2 g5 32. Ne6 1-0

[Event "Titled Tuesday intern op 03rd Aug"]
[Site "Chess.com INT"]
[Date "2021.08.03"]
[Round "9"]
[White "Calderon, Zachary"]
[Black "Maranhao, Jose Renato Ruiz"]
[Result "1-0"]
[WhiteElo "2059"]
[BlackElo "1923"]
[PlyCount "153"]
[EventDate "2021.08.03"]
[EventType "swiss (blitz)"]
[EventRounds "11"]
[EventCountry "USA"]
[SourceTitle "CBM 203 Extra"]
[Source "ChessBase"]
[SourceDate "2021.09.30"]
[SourceVersion "1"]
[SourceVersionDate "2021.09.30"]
[SourceQuality "1"]

1. Nf3 c6 2. d4 d5 3. c4 Nf6 4. e3 g6 5. Bd3 Bg7 6. Nbd2 0-0 7. b3 Na6 8. a3 Nc7 9. Bb2 Bg4 10. 0-0 Nce8 11. Rc1 Nd6 12. Qc2 Bxf3 13. Nxf3 Nfe4 14. Nd2 f5 15. c5 Nf7 16. f4 Nh6 17. Bxe4 fxe4 18. h3 e6 19. b4 Qh4 20. Nb3 Nf5 21. Qf2 Qh6 22. a4 a6 23. Ra1 g5 24. g3 gxf4 25. gxf4 Kf7 26. Kh2 Nh4 27. Nd2 Bf6 28. Rg1 Rg8 29. Rxg8 Rxg8 30. Rg1 Rxg1 31. Qxg1 Qh5 32. Qg4 Qh6 33. Bc1 Nf5 34. Nf1 Bh4 35. Bd2 Kf6 36. Kg2 Kf7 37. Nh2 Bf6 38. Kf2 Qh4+ 39. Ke2 h5 40. Qxh4 Nxh4 41. Nf1 Nf3 42. Ng3 h4 43. Nh5 Ng1+ 44. Kf1 Nxh3 45. Nxf6 Kxf6 46. Be1 Nxf4 47. Bxh4+ Kf5 48. exf4 Kxf4 49. Ke2 e3 50. Bf6 Ke4 51. Be5 Kf5 52. Kxe3 Kg4 53. Bd6 Kf5 54. Kf3 Kg5 55. Be5 Kf5 56. a5 Kg5 57. Kg3 Kf5 58. Kh4 Ke4 59. Kg5 Kd3 60. Kf6 Kc4 61. Kxe6 Kxb4 62. Bc7 Kc4 63. Ke5 Kb5 64. Kd6 Kc4 65. Bb6 Kxd4 66. Kc7 Kc4 67. Kxb7 d4 68. Kxc6 d3 69. Kb7 d2 70. c6 d1Q 71. c7 Qd7 72. Kb8 Qe8+ 73. c8Q+ Qxc8+ 74. Kxc8 Kb5 75. Kb7 Kc4 76. Kxa6 Kd5 77. Kb7 1-0

[Event "Titled Tuesday intern op 03rd Aug"]
[Site "Chess.com INT"]
[Date "2021.08.03"]
[Round "8"]
[White "Cramling Bellon, Anna"]
[Black "Calderon, Zachary"]
[Result "1-0"]
[WhiteElo "2035"]
[BlackElo "2059"]
[PlyCount "125"]
[EventDate "2021.08.03"]
[EventType "swiss (blitz)"]
[EventRounds "11"]
[EventCountry "USA"]
[SourceTitle "CBM 203 Extra"]
[Source "ChessBase"]
[SourceDate "2021.09.30"]
[SourceVersion "1"]
[SourceVersionDate "2021.09.30"]
[SourceQuality "1"]

1. d4 d5 2. c4 e6 3. Nc3 a6 4. cxd5 exd5 5. Nf3 Nf6 6. Bg5 c6 7. e3 Be7 8. Bd3 Nbd7 9. 0-0 h6 10. Bh4 0-0 11. Rc1 c5 12. dxc5 Nxc5 13. Bxf6 Bxf6 14. Nxd5 Nxd3 15. Qxd3 Be6 16. Nxf6+ Qxf6 17. Nd4 Rfd8 18. Qe2 Rac8 19. h3 Rxc1 20. Rxc1 Re8 21. Nxe6 Qxe6 22. Qc4 Qb6 23. b3 Re6 24. Qc7 Qb4 25. Qc8+ Kh7 26. Qc4 Qa5 27. Qd3+ Rg6 28. Qe2 Qg5 29. Qf3 b5 30. Rd1 Rf6 31. Qg4 Qc5 32. Qe4+ Rg6 33. Qd5 Qc2 34. Qd2 Qc6 35. f3 Qe6 36. Qf2 Qf6 37. Rd2 Qf5 38. Kh2 Qg5 39. Qg1 h5 40. Qf2 h4 41. f4 Qg3+ 42. Qxg3 hxg3+ 43. Kg1 f5 44. Rd1 Re6 45. Kf1 Rxe3 46. Re1 Rxe1+ 47. Kxe1 Kg6 48. Ke2 Kf6 49. Kf3 Ke6 50. Kxg3 Kd5 51. Kh4 Kd4 52. Kg5 Kc3 53. Kxf5 Kb2 54. Kg6 Kxa2 55. Kxg7 Kxb3 56. f5 a5 57. f6 a4 58. f7 a3 59. f8Q a2 60. Qf6 Ka3 61. Qc3+ Ka4 62. Qb2 b4 63. Qxa2+ 1-0

[Event "Titled Tuesday intern op 03rd Aug"]
[Site "Chess.com INT"]
[Date "2021.08.03"]
[Round "10"]
[White "De Souza, Cristiano Gomes"]
[Black "Calderon, Zachary"]
[Result "1-0"]
[WhiteElo "2018"]
[BlackElo "2059"]
[PlyCount "87"]
[EventDate "2021.08.03"]
[EventType "swiss (blitz)"]
[EventRounds "11"]
[EventCountry "USA"]
[SourceTitle "CBM 203 Extra"]
[Source "ChessBase"]
[SourceDate "2021.09.30"]
[SourceVersion "1"]
[SourceVersionDate "2021.09.30"]
[SourceQuality "1"]

1. d4 d5 2. c4 e6 3. Nf3 a6 4. Nc3 dxc4 5. a4 Nc6 6. e4 Na5 7. Ne5 Nf6 8. Nxc4 c5 9. Be3 cxd4 10. Bxd4 Bb4 11. Bxf6 Qxf6 12. Nxa5 Bxc3+ 13. bxc3 Qxc3+ 14. Ke2 Qxa5 15. f3 0-0 16. Kf2 Qc5+ 17. Ke1 Qc3+ 18. Kf2 Qc5+ 19. Ke1 Qb4+ 20. Qd2 Qxd2+ 21. Kxd2 Rd8+ 22. Ke3 Bd7 23. Bd3 e5 24. Rhb1 Bc6 25. Bc4 Rd4 26. Rc1 Rad8 27. Bxa6 Rxa4 28. Rxa4 Bxa4 29. Bxb7 h6 30. Rc8 Rxc8 31. Bxc8 Kf8 32. Bb7 Ke7 33. g3 Kd6 34. f4 f6 35. Bd5 g5 36. fxg5 fxg5 37. Bc4 Kc5 38. Be6 Be8 39. Bf5 Kc4 40. Kf3 Bh5+ 41. Bg4 Bxg4+ 42. Kxg4 Kd3 43. Kf5 Kd4 44. g4 1-0

[Event "Titled Tuesday intern op 27th July"]
[Site "Chess.com INT"]
[Date "2021.07.27"]
[Round "2"]
[White "Oganisjan, Roman"]
[Black "Calderon, Zachary"]
[Result "1-0"]
[WhiteElo "2245"]
[BlackElo "2147"]
[PlyCount "53"]
[EventDate "2021.07.27"]
[EventType "swiss (blitz)"]
[EventRounds "11"]
[EventCountry "USA"]
[SourceTitle "CBM 203 Extra"]
[Source "ChessBase"]
[SourceDate "2021.09.30"]
[SourceVersion "1"]
[SourceVersionDate "2021.09.30"]
[SourceQuality "1"]

1. e4 d5 2. exd5 Qxd5 3. Nc3 Qd8 4. d4 Nf6 5. Be3 c6 6. h3 Bf5 7. Bd3 Bg6 8. Nf3 e6 9. Ne5 Nbd7 10. Nxg6 hxg6 11. Qf3 Bd6 12. 0-0-0 Nb6 13. g4 Qc7 14. g5 Nfd5 15. Ne4 Bf4 16. c4 Bxe3+ 17. fxe3 Nb4 18. c5 Nxd3+ 19. Rxd3 Nc8 20. Rd2 b6 21. Rf2 0-0 22. h4 bxc5 23. h5 f5 24. hxg6 Ne7 25. Rh8+ Kxh8 26. Qh5+ Kg8 27. Qh7# 1-0

[Event "Titled Tuesday intern op 27th July"]
[Site "Chess.com INT"]
[Date "2021.07.27"]
[Round "5"]
[White "Prraneeth, Vuppala"]
[Black "Calderon, Zachary"]
[Result "0-1"]
[WhiteElo "2253"]
[BlackElo "2147"]
[PlyCount "54"]
[EventDate "2021.07.27"]
[EventType "swiss (blitz)"]
[EventRounds "11"]
[EventCountry "USA"]
[SourceTitle "CBM 203 Extra"]
[Source "ChessBase"]
[SourceDate "2021.09.30"]
[SourceVersion "1"]
[SourceVersionDate "2021.09.30"]
[SourceQuality "1"]

1. e4 d5 2. exd5 Qxd5 3. Nc3 Qd8 4. d4 Nf6 5. Nf3 Bg4 6. Be2 c6 7. Be3 e6 8. h3 Bxf3 9. Bxf3 Nbd7 10. 0-0 Bd6 11. Ne2 Nd5 12. c4 Nxe3 13. fxe3 Qg5 14. Qd2 0-0 15. Nc3 Nf6 16. Ne4 Nxe4 17. Bxe4 f5 18. Bc2 e5 19. c5 Bc7 20. d5 cxd5 21. Qxd5+ Kh8 22. Qd7 Qxe3+ 23. Kh1 Qxc5 24. Bxf5 Qd6 25. Qa4 e4 26. Kg1 Qh2+ 27. Kf2 Rxf5+ 0-1

[Event "Titled Tuesday intern op 20th July"]
[Site "Chess.com INT"]
[Date "2021.07.20"]
[Round "9"]
[White "Donatti, Alvaro"]
[Black "Calderon, Zachary"]
[Result "1-0"]
[WhiteElo "2193"]
[BlackElo "2147"]
[PlyCount "73"]
[EventDate "2021.07.20"]
[EventType "swiss (blitz)"]
[EventRounds "11"]
[EventCountry "USA"]
[SourceTitle "CBM 203 Extra"]
[Source "ChessBase"]
[SourceDate "2021.09.30"]
[SourceVersion "1"]
[SourceVersionDate "2021.09.30"]
[SourceQuality "1"]

1. e4 d5 2. d4 e6 3. e5 c5 4. c3 Nc6 5. Nf3 Bd7 6. Be2 Nge7 7. 0-0 Nf5 8. a3 cxd4 9. cxd4 Qb6 10. Nc3 Ncxd4 11. Nxd4 Qxd4 12. Qb3 Qb6 13. Qd1 Bc5 14. Bd3 Nd4 15. b4 Be7 16. Be3 g6 17. Qg4 Rc8 18. Bxd4 Qd8 19. Rac1 0-0 20. Qf3 a6 21. Ne2 b5 22. Rxc8 Qxc8 23. Rc1 Qb7 24. Qe3 Rc8 25. Rxc8+ Qxc8 26. Bc5 Bd8 27. Nd4 Bc7 28. f4 a5 29. g4 axb4 30. axb4 Qa8 31. f5 Qa1+ 32. Kg2 Qb2+ 33. Kh3 exf5 34. gxf5 f6 35. Qh6 Qxh2+ 36. Kxh2 Bxe5+ 37. Kg2 1-0

[Event "Titled Tuesday intern op 20th July"]
[Site "Chess.com INT"]
[Date "2021.07.20"]
[Round "3"]
[White "Obolentseva, Alexandra"]
[Black "Calderon, Zachary"]
[Result "1-0"]
[WhiteElo "2302"]
[BlackElo "2147"]
[PlyCount "63"]
[EventDate "2021.07.20"]
[EventType "swiss (blitz)"]
[EventRounds "11"]
[EventCountry "USA"]
[SourceTitle "CBM 203 Extra"]
[Source "ChessBase"]
[SourceDate "2021.09.30"]
[SourceVersion "1"]
[SourceVersionDate "2021.09.30"]
[SourceQuality "1"]

1. d4 d5 2. c4 e6 3. Nc3 a6 4. b3 Nf6 5. Bb2 Nbd7 6. Nf3 b6 7. e3 Bb7 8. Bd3 Be7 9. 0-0 0-0 10. Qe2 Ne4 11. Nd2 Nxd2 12. Qxd2 dxc4 13. bxc4 c5 14. Qc2 Nf6 15. Ne4 Nxe4 16. Bxe4 Bxe4 17. Qxe4 cxd4 18. exd4 Bf6 19. Rfd1 Rc8 20. Rac1 Qe7 21. Rd3 Rfd8 22. Rb3 Rd6 23. Ba3 Rxd4 24. Qxd4 Qxa3 25. Rxa3 Bxd4 26. Rxa6 g6 27. Kf1 b5 28. c5 Rxc5 29. Rxc5 Bxc5 30. Ra5 h5 31. Rxb5 Bd6 32. a4 1-0